000 00629nam a2200241 i 4500
001 C2-0122770
003 PPAK
005 20180727113931.0
008 970825s1991 vaua|||| ||||| | eng d
020 _a0809477084
040 _aPPAK
_beng
_cPPAK
_erda
082 0 4 _a150
_223
090 0 0 _a150
_bMYS
_dR
245 0 4 _aThe mystifying mind
250 _aTime-Life Books
264 1 _aVirginia :
_bTime-Life Books ,
_c1991
300 _a143 pages :
_bcolour illustrations ;
_c28 cm
336 _2rdacontent
_atext
337 _2rdamedia
_aunmediated
338 _2rdacarrier
_avolume
650 1 0 _aIntellect
942 _ddc
_cB
999 _c35436
_d35436